000 00513cam a22001932 4500
001 0000023921
005 20151217152251.0
008 130416s xx 000 0 eng d
020 _a0195735574 :
040 _aKABU
_cKABU
100 1 _aWalibora, Ken.
_@0000156883
245 1 0 _aUpande mwingine /
_cKen Walibora.
250 _a1st ed.
260 _aNairobi :
_bO. U. P.,
_c2009.
300 _a62 p.
852 1 _9p240 KES
908 _a130416
950 _@1
999 _c10054
_d10054